000 01130nam0a2200265 4500
001 RU\NLR\bibl\1710666
005 20260407062555.0
035 _a(NLR Aleph) 001701696
090 _a1224471
_c1224471
100 _a20101208d2007 |||y0rusy50 ca
101 0 _arus
102 _aRU
105 _ac |||||||||
200 1 _aНовый Казахстан в новом мире
_eпослание Президента Республики Казахстан Нурсултана Назарбаева народу Казахстана, [27 февраля 2007 г.]
210 _aАстана
_c[б. и.]
_d2007
215 _a69, [1] с.
_cцв. портр.
_d20
607 _aКазахстан, Республика
_xСоциально-экономические процессы
_92628919
_3RU\NLR\auth\661565479
686 _aФ3(5Каз)3
686 _aУ03(2К)74
710 0 1 _4570
_aРеспублика Казахстан
_bПрезидент
_c1999- ; Н. А. Назарбаев
_3RU\NLR\AUTH\8810029807
_9558189
801 0 _aRU
_bNLR
_c20101208
_gRCR
801 1 _aRU
_bNLR
_c20101208
942 _cBOOK
980 _aNB